Statistics for Roman Names of European Cities

Click here to take the quiz!

General Stats

  • This quiz has been taken 118 times
  • The average score is 9 of 16

Answer Stats

HintAnswer% Correct
GenavaGeneva
99%
LondiniumLondon
98%
AthenaeAthens
95%
VenetiaeVenice
90%
BarcinoBarcelona
83%
GlascouiumGlasgow
71%
MassiliaMarseille
70%
LutetiaParis
64%
VindobonaVienna
48%
MediolanumMilan
45%
LugdunumLyon
34%
AquincumBudapest
18%
SingidunumBelgrade
15%
ScupiumSkopje
15%
SerdicaSofia
15%
EmonaLjubljana
14%

Score Distribution

Percentile by Number Answered

Percent of People with Each Score

Your Score History

You have not taken this quiz